[Event "ODJM B 2025"]
[Site "Willingen GER"]
[Date "2025.06.13"]
[Round "8"]
[White "Winkler, Frida"]
[Black "Frank, Carolin"]
[Result "1-0"]
[Termination "normal"]
[Board "53"]
[WhiteElo "1558"]
[BlackElo "1724"]
[WhiteClock "00:48:04"]
[BlackClock "00:08:34"]
[PlyCount "53"]
[WhiteFideId "34622322"]
[BlackFideId "16207190"]
[EventCountry "GER"]
[EventRounds "9"]
[EventType "swiss"]
[EventDate "2025.06.07"]

1. e4 {[%clk 01:30:59]} {[%emt 00:00:01]} c6 {[%clk 01:30:52]} {[%emt
00:00:08]} 2. d4 {[%clk 01:31:20]} {[%emt 00:00:09]} d5 {[%clk 01:31:11]}
{[%emt 00:00:10]} 3. exd5 {[%clk 01:31:40]} {[%emt 00:00:10]} cxd5 {[%clk
01:31:26]} {[%emt 00:00:15]} 4. Bd3 {[%clk 01:31:59]} {[%emt 00:00:11]} Nc6
{[%clk 01:31:36]} {[%emt 00:00:21]} 5. c3 {[%clk 01:31:56]} {[%emt 00:00:33]}
Qc7 {[%clk 01:31:36]} {[%emt 00:00:30]} 6. h3 {[%clk 01:32:06]} {[%emt
00:00:19]} Nf6 {[%clk 01:29:51]} {[%emt 00:02:14]} 7. Nf3 {[%clk 01:28:43]}
{[%emt 00:03:53]} g6 {[%clk 01:29:17]} {[%emt 00:01:06]} 8. O-O {[%clk
01:22:32]} {[%emt 00:06:40]} Bf5 {[%clk 01:27:38]} {[%emt 00:02:09]} 9. Bb5
{[%clk 01:19:49]} {[%emt 00:03:15]} a6 {[%clk 01:14:17]} {[%emt 00:13:50]} 10.
Bxc6+ {[%clk 01:18:46]} {[%emt 00:01:32]} bxc6 {[%clk 01:10:51]} {[%emt
00:03:56]} 11. Ne5 {[%clk 01:18:39]} {[%emt 00:00:37]} Nd7 {[%clk 01:04:34]}
{[%emt 00:06:47]} 12. Bf4 {[%clk 01:17:52]} {[%emt 00:01:17]} Qb7 {[%clk
00:56:26]} {[%emt 00:08:37]} 13. Nxd7 {[%clk 01:13:58]} {[%emt 00:04:25]} Bxd7
{[%clk 00:54:07]} {[%emt 00:02:50]} 14. Qb3 {[%clk 01:13:44]} {[%emt 00:00:44]}
Qa7 {[%clk 00:34:57]} {[%emt 00:19:40]} 15. Nd2 {[%clk 01:11:40]} {[%emt
00:02:33]} Bg7 {[%clk 00:34:10]} {[%emt 00:01:16]} 16. Rfe1 {[%clk 01:07:53]}
{[%emt 00:04:18]} Be6 {[%clk 00:31:30]} {[%emt 00:03:09]} 17. Nf3 {[%clk
01:06:44]} {[%emt 00:01:40]} O-O {[%clk 00:29:47]} {[%emt 00:02:13]} 18. Ng5
{[%clk 01:06:27]} {[%emt 00:00:45]} Bf5 {[%clk 00:28:43]} {[%emt 00:01:35]} 19.
Re3 {[%clk 01:05:13]} {[%emt 00:01:43]} Rfe8 {[%clk 00:20:08]} {[%emt
00:09:06]} 20. Rae1 {[%clk 01:04:21]} {[%emt 00:01:24]} h6 {[%clk 00:18:09]}
{[%emt 00:02:28]} 21. Nf3 {[%clk 01:04:33]} {[%emt 00:00:18]} Rad8 {[%clk
00:14:36]} {[%emt 00:04:00]} 22. Qb4 {[%clk 00:56:33]} {[%emt 00:08:34]} Bf8
{[%clk 00:13:31]} {[%emt 00:01:32]} 23. Ne5 {[%clk 00:56:17]} {[%emt 00:00:47]}
Rc8 {[%clk 00:09:15]} {[%emt 00:04:46]} 24. Qa4 {[%clk 00:48:16]} {[%emt
00:08:32]} Qb7 {[%clk 00:09:05]} {[%emt 00:00:40]} 25. R1e2 {[%clk 00:48:14]}
{[%emt 00:00:31]} c5 {[%clk 00:08:15]} {[%emt 00:01:22]} 26. dxc5 {[%clk
00:47:46]} {[%emt 00:00:57]} Rxc5 {[%clk 00:08:34]} {[%emt 00:00:12]} 27. Qxe8
{[%clk 00:48:04]} {[%emt 00:00:12]} 1-0

[Event "ODJM B 2025"]
[Site "Willingen GER"]
[Date "2025.06.13"]
[Round "8"]
[White "Asmussen, Johann"]
[Black "Hildebrand, Azat"]
[Result "1/2-1/2"]
[Termination "normal"]
[Board "54"]
[WhiteElo "1563"]
[BlackElo "1602"]
[WhiteClock "01:13:13"]
[BlackClock "01:13:36"]
[PlyCount "47"]
[WhiteFideId "16273486"]
[BlackFideId "34607536"]
[EventCountry "GER"]
[EventRounds "9"]
[EventType "swiss"]
[EventDate "2025.06.07"]

1. d4 {[%clk 01:30:43]} {[%emt 00:00:16]} d5 {[%clk 01:30:55]} {[%emt
00:00:05]} 2. Nf3 {[%clk 01:31:07]} {[%emt 00:00:06]} Nf6 {[%clk 01:31:20]}
{[%emt 00:00:05]} 3. c4 {[%clk 01:31:22]} {[%emt 00:00:15]} e6 {[%clk
01:31:37]} {[%emt 00:00:14]} 4. Nc3 {[%clk 01:31:11]} {[%emt 00:00:40]} c6
{[%clk 01:31:50]} {[%emt 00:00:17]} 5. Bf4 {[%clk 01:31:06]} {[%emt 00:00:35]}
dxc4 {[%clk 01:31:02]} {[%emt 00:01:18]} 6. e3 {[%clk 01:30:56]} {[%emt
00:00:40]} b5 {[%clk 01:31:27]} {[%emt 00:00:06]} 7. a4 {[%clk 01:30:33]}
{[%emt 00:00:53]} Bb4 {[%clk 01:31:45]} {[%emt 00:00:12]} 8. Qc2 {[%clk
01:28:53]} {[%emt 00:02:09]} Bb7 {[%clk 01:29:18]} {[%emt 00:02:57]} 9. g3
{[%clk 01:28:37]} {[%emt 00:00:46]} Nd5 {[%clk 01:25:28]} {[%emt 00:04:20]} 10.
Bxb8 {[%clk 01:28:53]} {[%emt 00:00:14]} Qxb8 {[%clk 01:25:39]} {[%emt
00:00:19]} 11. Bg2 {[%clk 01:28:56]} {[%emt 00:00:27]} Bxc3+ {[%clk 01:24:48]}
{[%emt 00:01:22]} 12. bxc3 {[%clk 01:28:34]} {[%emt 00:00:52]} O-O {[%clk
01:25:02]} {[%emt 00:00:15]} 13. O-O {[%clk 01:28:49]} {[%emt 00:00:16]} Qc7
{[%clk 01:24:44]} {[%emt 00:00:48]} 14. Rfb1 {[%clk 01:26:07]} {[%emt
00:03:11]} a6 {[%clk 01:23:53]} {[%emt 00:01:22]} 15. Ng5 {[%clk 01:19:11]}
{[%emt 00:07:25]} Nf6 {[%clk 01:19:53]} {[%emt 00:04:30]} 16. e4 {[%clk
01:15:21]} {[%emt 00:04:20]} h6 {[%clk 01:20:03]} {[%emt 00:00:20]} 17. Nf3
{[%clk 01:15:45]} {[%emt 00:00:06]} Rfd8 {[%clk 01:18:21]} {[%emt 00:02:12]}
18. Qb2 {[%clk 01:15:11]} {[%emt 00:01:04]} Nxe4 {[%clk 01:16:41]} {[%emt
00:02:10]} 19. Ne5 {[%clk 01:15:14]} {[%emt 00:00:28]} Nf6 {[%clk 01:15:05]}
{[%emt 00:02:05]} 20. Nxc4 {[%clk 01:14:04]} {[%emt 00:01:41]} bxc4 {[%clk
01:13:07]} {[%emt 00:02:28]} 21. Qxb7 {[%clk 01:12:51]} {[%emt 00:01:43]} Qxb7
{[%clk 01:13:30]} {[%emt 00:00:07]} 22. Rxb7 {[%clk 01:13:16]} {[%emt
00:00:05]} Nd5 {[%clk 01:13:43]} {[%emt 00:00:16]} 23. Bxd5 {[%clk 01:12:57]}
{[%emt 00:00:49]} cxd5 {[%clk 01:13:36]} {[%emt 00:00:38]} 24. Rab1 {[%clk
01:13:13]} {[%emt 00:00:14]} 1/2-1/2

[Event "ODJM B 2025"]
[Site "Willingen GER"]
[Date "2025.06.13"]
[Round "8"]
[White "Classen, Miguel"]
[Black "Schmidt, Sophie"]
[Result "0-1"]
[Termination "normal"]
[Board "55"]
[WhiteElo "1574"]
[BlackElo "1613"]
[WhiteClock "00:58:12"]
[BlackClock "00:56:02"]
[PlyCount "106"]
[WhiteFideId "34623825"]
[BlackFideId "34682503"]
[EventCountry "GER"]
[EventRounds "9"]
[EventType "swiss"]
[EventDate "2025.06.07"]

1. d4 {[%clk 01:30:54]} {[%emt 00:00:05]} d5 {[%clk 01:30:54]} {[%emt
00:00:07]} 2. c4 {[%clk 01:31:18]} {[%emt 00:00:06]} c6 {[%clk 01:31:14]}
{[%emt 00:00:11]} 3. cxd5 {[%clk 01:31:40]} {[%emt 00:00:08]} cxd5 {[%clk
01:31:02]} {[%emt 00:00:41]} 4. Nc3 {[%clk 01:31:46]} {[%emt 00:00:24]} Nf6
{[%clk 01:30:43]} {[%emt 00:00:50]} 5. Bf4 {[%clk 01:29:52]} {[%emt 00:02:23]}
Bf5 {[%clk 01:29:20]} {[%emt 00:01:53]} 6. e3 {[%clk 01:28:28]} {[%emt
00:01:54]} e6 {[%clk 01:27:21]} {[%emt 00:02:29]} 7. Nb5 {[%clk 01:27:12]}
{[%emt 00:01:47]} Qa5+ {[%clk 01:14:48]} {[%emt 00:13:02]} 8. Qd2 {[%clk
01:26:37]} {[%emt 00:01:05]} Bb4 {[%clk 01:14:03]} {[%emt 00:01:15]} 9. Nc3
{[%clk 01:25:10]} {[%emt 00:01:58]} Ne4 {[%clk 01:10:46]} {[%emt 00:03:47]} 10.
Qc1 {[%clk 01:13:24]} {[%emt 00:12:15]} Nxc3 {[%clk 01:01:34]} {[%emt
00:09:42]} 11. bxc3 {[%clk 01:13:12]} {[%emt 00:00:42]} Bxc3+ {[%clk 01:01:48]}
{[%emt 00:00:16]} 12. Kd1 {[%clk 01:13:29]} {[%emt 00:00:11]} O-O {[%clk
01:01:11]} {[%emt 00:01:09]} 13. Rb1 {[%clk 01:10:46]} {[%emt 00:03:14]} Bxb1
{[%clk 01:00:58]} {[%emt 00:00:43]} 14. Qxb1 {[%clk 01:11:06]} {[%emt
00:00:09]} Qb6 {[%clk 01:00:08]} {[%emt 00:01:21]} 15. Qc2 {[%clk 01:10:09]}
{[%emt 00:01:27]} Qb2 {[%clk 00:58:38]} {[%emt 00:01:59]} 16. Qxb2 {[%clk
01:08:03]} {[%emt 00:02:36]} Bxb2 {[%clk 00:58:50]} {[%emt 00:00:19]} 17. Bd6
{[%clk 01:07:27]} {[%emt 00:01:06]} Rd8 {[%clk 00:58:29]} {[%emt 00:00:50]} 18.
Bb4 {[%clk 01:07:15]} {[%emt 00:00:42]} Nc6 {[%clk 00:58:09]} {[%emt 00:00:51]}
19. Bd2 {[%clk 01:06:16]} {[%emt 00:01:28]} a5 {[%clk 00:56:08]} {[%emt
00:02:31]} 20. a4 {[%clk 01:04:32]} {[%emt 00:02:14]} Ba3 {[%clk 00:54:24]}
{[%emt 00:02:14]} 21. Bb5 {[%clk 01:03:45]} {[%emt 00:01:17]} Bb4 {[%clk
00:54:03]} {[%emt 00:00:51]} 22. Bc1 {[%clk 01:03:22]} {[%emt 00:00:53]} Rac8
{[%clk 00:53:49]} {[%emt 00:00:45]} 23. Nf3 {[%clk 01:03:07]} {[%emt 00:00:44]}
Na7 {[%clk 00:52:48]} {[%emt 00:01:31]} 24. Bd3 {[%clk 01:01:03]} {[%emt
00:02:34]} Rc3 {[%clk 00:52:26]} {[%emt 00:00:51]} 25. Ke2 {[%clk 01:00:58]}
{[%emt 00:00:36]} Rdc8 {[%clk 00:51:55]} {[%emt 00:01:02]} 26. Bb2 {[%clk
01:01:03]} {[%emt 00:00:24]} Rb3 {[%clk 00:51:22]} {[%emt 00:01:03]} 27. Ba1
{[%clk 00:54:59]} {[%emt 00:06:34]} Ra3 {[%clk 00:51:01]} {[%emt 00:00:52]} 28.
Bb2 {[%clk 00:54:13]} {[%emt 00:01:15]} Ra2 {[%clk 00:51:10]} {[%emt 00:00:21]}
29. Rb1 {[%clk 00:53:14]} {[%emt 00:01:29]} Ba3 {[%clk 00:51:14]} {[%emt
00:00:26]} 30. Ra1 {[%clk 00:53:00]} {[%emt 00:00:44]} Rxb2+ {[%clk 00:51:33]}
{[%emt 00:00:11]} 31. Kf1 {[%clk 00:52:58]} {[%emt 00:00:32]} Bb4 {[%clk
00:51:21]} {[%emt 00:00:42]} 32. Be2 {[%clk 00:52:38]} {[%emt 00:00:49]} Rcc2
{[%clk 00:51:27]} {[%emt 00:00:24]} 33. Bd3 {[%clk 00:52:16]} {[%emt 00:00:53]}
Rxf2+ {[%clk 00:51:45]} {[%emt 00:00:11]} 34. Kg1 {[%clk 00:52:39]} {[%emt
00:00:08]} Rxg2+ {[%clk 00:52:00]} {[%emt 00:00:14]} 35. Kh1 {[%clk 00:52:53]}
{[%emt 00:00:15]} Rgf2 {[%clk 00:51:44]} {[%emt 00:00:48]} 36. Ne5 {[%clk
00:52:59]} {[%emt 00:00:24]} Rxh2+ {[%clk 00:51:52]} {[%emt 00:00:22]} 37. Kg1
{[%clk 00:53:23]} {[%emt 00:00:07]} Rbg2+ {[%clk 00:52:04]} {[%emt 00:00:18]}
38. Kf1 {[%clk 00:53:44]} {[%emt 00:00:09]} Rh1+ {[%clk 00:52:13]} {[%emt
00:00:21]} 39. Kxg2 {[%clk 00:54:07]} {[%emt 00:00:06]} Rxa1 {[%clk 00:52:38]}
{[%emt 00:00:05]} 40. Kf3 {[%clk 00:54:08]} {[%emt 00:00:29]} Rxa4 {[%clk
00:52:47]} {[%emt 00:00:21]} 41. Bc2 {[%clk 00:54:27]} {[%emt 00:00:11]} Ra2
{[%clk 00:52:52]} {[%emt 00:00:26]} 42. Bb3 {[%clk 00:54:46]} {[%emt 00:00:11]}
Rd2 {[%clk 00:52:25]} {[%emt 00:00:56]} 43. Ba4 {[%clk 00:54:58]} {[%emt
00:00:18]} b5 {[%clk 00:52:47]} {[%emt 00:00:08]} 44. Bb3 {[%clk 00:55:16]}
{[%emt 00:00:12]} a4 {[%clk 00:53:10]} {[%emt 00:00:07]} 45. Bxa4 {[%clk
00:55:40]} {[%emt 00:00:06]} bxa4 {[%clk 00:53:35]} {[%emt 00:00:05]} 46. Ng4
{[%clk 00:55:52]} {[%emt 00:00:18]} a3 {[%clk 00:53:57]} {[%emt 00:00:08]} 47.
Nf2 {[%clk 00:56:15]} {[%emt 00:00:06]} a2 {[%clk 00:54:22]} {[%emt 00:00:07]}
48. Ng4 {[%clk 00:56:37]} {[%emt 00:00:08]} a1=Q {[%clk 00:54:43]} {[%emt
00:00:09]} 49. Kf4 {[%clk 00:56:50]} {[%emt 00:00:16]} Bd6+ {[%clk 00:54:45]}
{[%emt 00:00:28]} 50. Ne5 {[%clk 00:57:05]} {[%emt 00:00:15]} Qf1+ {[%clk
00:55:08]} {[%emt 00:00:07]} 51. Kg5 {[%clk 00:57:28]} {[%emt 00:00:07]} Rg2+
{[%clk 00:55:22]} {[%emt 00:00:16]} 52. Ng4 {[%clk 00:57:49]} {[%emt 00:00:09]}
Qf5+ {[%clk 00:55:39]} {[%emt 00:00:12]} 53. Kh4 {[%clk 00:58:12]} {[%emt
00:00:07]} Qxg4# {[%clk 00:56:02]} {[%emt 00:00:08]} 0-1

[Event "ODJM B 2025"]
[Site "Willingen GER"]
[Date "2025.06.13"]
[Round "8"]
[White "Claussen, Daniela"]
[Black "Schille, Marlene"]
[Result "1-0"]
[Termination "normal"]
[Board "56"]
[WhiteElo "1567"]
[BlackElo "1461"]
[WhiteClock "00:05:25"]
[BlackClock "00:01:53"]
[PlyCount "73"]
[WhiteFideId "16248929"]
[BlackFideId "533000670"]
[EventCountry "GER"]
[EventRounds "9"]
[EventType "swiss"]
[EventDate "2025.06.07"]

1. b3 {[%clk 01:30:56]} {[%emt 00:00:03]} d5 {[%clk 01:30:50]} {[%emt
00:00:11]} 2. e3 {[%clk 01:31:15]} {[%emt 00:00:11]} Nf6 {[%clk 01:30:42]}
{[%emt 00:00:38]} 3. Bb2 {[%clk 01:31:17]} {[%emt 00:00:28]} Nc6 {[%clk
01:29:57]} {[%emt 00:01:15]} 4. Bb5 {[%clk 01:31:09]} {[%emt 00:00:38]} Bd7
{[%clk 01:29:03]} {[%emt 00:01:23]} 5. Nf3 {[%clk 01:30:38]} {[%emt 00:01:01]}
e6 {[%clk 01:23:49]} {[%emt 00:05:44]} 6. Bxc6 {[%clk 01:27:56]} {[%emt
00:03:13]} Bxc6 {[%clk 01:21:59]} {[%emt 00:02:20]} 7. O-O {[%clk 01:27:41]}
{[%emt 00:00:45]} Bd6 {[%clk 01:21:00]} {[%emt 00:01:28]} 8. Ne5 {[%clk
01:27:46]} {[%emt 00:00:26]} O-O {[%clk 01:17:34]} {[%emt 00:03:56]} 9. f4
{[%clk 01:26:11]} {[%emt 00:02:04]} Re8 {[%clk 01:14:04]} {[%emt 00:03:59]} 10.
Rf3 {[%clk 01:22:28]} {[%emt 00:04:14]} Rb8 {[%clk 01:06:08]} {[%emt 00:08:27]}
11. Rh3 {[%clk 01:20:16]} {[%emt 00:02:42]} Qe7 {[%clk 00:56:00]} {[%emt
00:10:38]} 12. Ng4 {[%clk 01:15:59]} {[%emt 00:04:46]} Nxg4 {[%clk 00:49:11]}
{[%emt 00:07:18]} 13. Qxg4 {[%clk 01:14:06]} {[%emt 00:02:24]} e5 {[%clk
00:46:52]} {[%emt 00:02:49]} 14. Qh5 {[%emt 00:06:30]} h6 {[%clk 00:46:37]}
{[%emt 00:00:42]} 15. Rg3 {[%clk 01:04:52]} {[%emt 00:03:47]} Kh7 {[%clk
00:38:50]} {[%emt 00:08:18]} 16. f5 {[%clk 00:54:09]} {[%emt 00:11:12]} Rg8
{[%clk 00:35:16]} {[%emt 00:04:04]} 17. Rh3 {[%clk 00:50:05]} {[%emt 00:04:34]}
Bd7 {[%clk 00:32:23]} {[%emt 00:03:23]} 18. Nc3 {[%clk 00:46:10]} {[%emt
00:04:25]} c6 {[%clk 00:32:03]} {[%emt 00:00:49]} 19. Ne2 {[%clk 00:37:36]}
{[%emt 00:09:04]} Rbf8 {[%clk 00:27:10]} {[%emt 00:05:23]} 20. Rf1 {[%clk
00:34:07]} {[%emt 00:04:00]} Qf6 {[%clk 00:24:17]} {[%emt 00:03:22]} 21. Rg3
{[%clk 00:22:28]} {[%emt 00:12:10]} a6 {[%clk 00:19:45]} {[%emt 00:05:02]} 22.
Kh1 {[%clk 00:18:09]} {[%emt 00:04:48]} b5 {[%clk 00:18:46]} {[%emt 00:01:31]}
23. Ng1 {[%clk 00:16:09]} {[%emt 00:02:29]} d4 {[%clk 00:11:05]} {[%emt
00:08:10]} 24. e4 {[%clk 00:15:31]} {[%emt 00:01:09]} Be7 {[%clk 00:09:17]}
{[%emt 00:02:18]} 25. Rg4 {[%clk 00:14:33]} {[%emt 00:01:28]} Bd8 {[%clk
00:08:19]} {[%emt 00:01:27]} 26. d3 {[%clk 00:14:16]} {[%emt 00:00:47]} c5
{[%clk 00:08:26]} {[%emt 00:00:24]} 27. Bc1 {[%clk 00:14:25]} {[%emt 00:00:20]}
Qd6 {[%clk 00:05:39]} {[%emt 00:03:16]} 28. Rf3 {[%clk 00:13:43]} {[%emt
00:01:11]} Be8 {[%clk 00:03:16]} {[%emt 00:02:54]} 29. Rh3 {[%clk 00:12:31]}
{[%emt 00:01:43]} a5 {[%clk 00:02:51]} {[%emt 00:00:55]} 30. Nf3 {[%clk
00:11:35]} {[%emt 00:01:26]} b4 {[%clk 00:02:23]} {[%emt 00:00:58]} 31. Ng5+
{[%clk 00:05:40]} {[%emt 00:06:24]} Bxg5 {[%clk 00:01:25]} {[%emt 00:01:28]}
32. Qxg5 {[%clk 00:05:45]} {[%emt 00:00:24]} Qc6 {[%clk 00:01:20]} {[%emt
00:00:36]} 33. Rgh4 {[%clk 00:05:21]} {[%emt 00:00:54]} Rh8 {[%clk 00:01:00]}
{[%emt 00:00:51]} 34. f6 {[%clk 00:04:32]} {[%emt 00:01:18]} Qxf6 {[%clk
00:01:13]} {[%emt 00:00:17]} 35. Qxf6 {[%clk 00:04:55]} {[%emt 00:00:07]} gxf6
{[%clk 00:01:42]} {[%emt 00:00:01]} 36. Rxh6+ {[%clk 00:05:01]} {[%emt
00:00:24]} Kg7 {[%clk 00:01:53]} {[%emt 00:00:11]} 37. Rg3# {[%clk 00:05:25]}
{[%emt 00:00:14]} 1-0

[Event "ODJM B 2025"]
[Site "Willingen GER"]
[Date "2025.06.13"]
[Round "8"]
[White "Kandora, William"]
[Black "Dintinger, Ata Lucien"]
[Result "1-0"]
[Termination "normal"]
[Board "57"]
[WhiteElo "1570"]
[BlackElo "1557"]
[WhiteClock "00:39:06"]
[BlackClock "00:33:27"]
[PlyCount "69"]
[WhiteFideId "34684247"]
[BlackFideId "34654550"]
[EventCountry "GER"]
[EventRounds "9"]
[EventType "swiss"]
[EventDate "2025.06.07"]

1. c4 {[%clk 01:30:57]} {[%emt 00:00:02]} e5 {[%clk 01:30:40]} {[%emt
00:00:19]} 2. g3 {[%clk 01:31:21]} {[%emt 00:00:07]} Nc6 {[%clk 01:30:55]}
{[%emt 00:00:15]} 3. Bg2 {[%clk 01:31:44]} {[%emt 00:00:06]} f5 {[%clk
01:31:08]} {[%emt 00:00:18]} 4. d3 {[%clk 01:31:42]} {[%emt 00:00:32]} Nf6
{[%clk 01:31:23]} {[%emt 00:00:15]} 5. Nc3 {[%clk 01:31:57]} {[%emt 00:00:15]}
Bb4 {[%clk 01:31:40]} {[%emt 00:00:12]} 6. e3 {[%clk 01:31:13]} {[%emt
00:01:15]} O-O {[%clk 01:31:05]} {[%emt 00:01:06]} 7. Nge2 {[%clk 01:31:25]}
{[%emt 00:00:17]} d6 {[%clk 01:30:58]} {[%emt 00:00:37]} 8. Bd2 {[%clk
01:31:35]} {[%emt 00:00:19]} Bxc3 {[%clk 01:31:21]} {[%emt 00:00:08]} 9. Nxc3
{[%clk 01:31:52]} {[%emt 00:00:13]} Qe8 {[%clk 01:31:27]} {[%emt 00:00:24]} 10.
O-O {[%clk 01:31:03]} {[%emt 00:01:19]} Qg6 {[%clk 01:27:57]} {[%emt 00:04:01]}
11. f4 {[%clk 01:23:47]} {[%emt 00:07:46]} Qh6 {[%clk 01:15:50]} {[%emt
00:12:37]} 12. e4 {[%clk 01:23:26]} {[%emt 00:00:50]} exf4 {[%clk 01:14:35]}
{[%emt 00:01:45]} 13. Bxf4 {[%clk 01:23:30]} {[%emt 00:00:27]} g5 {[%clk
01:14:46]} {[%emt 00:00:19]} 14. Bd2 {[%clk 01:23:30]} {[%emt 00:00:29]} Ng4
{[%clk 01:01:53]} {[%emt 00:13:24]} 15. h3 {[%clk 01:18:42]} {[%emt 00:05:17]}
Nge5 {[%clk 00:58:45]} {[%emt 00:03:39]} 16. exf5 {[%clk 01:01:12]} {[%emt
00:17:59]} Bxf5 {[%clk 00:56:35]} {[%emt 00:02:40]} 17. Ne4 {[%clk 01:01:30]}
{[%emt 00:00:11]} Bxe4 {[%clk 00:55:11]} {[%emt 00:01:55]} 18. dxe4 {[%clk
01:01:05]} {[%emt 00:00:55]} Rxf1+ {[%clk 00:53:27]} {[%emt 00:02:14]} 19. Qxf1
{[%clk 01:01:24]} {[%emt 00:00:11]} Rf8 {[%clk 00:53:49]} {[%emt 00:00:08]} 20.
Qe2 {[%clk 01:01:35]} {[%emt 00:00:19]} Nd4 {[%clk 00:54:02]} {[%emt 00:00:17]}
21. Qd1 {[%clk 01:00:35]} {[%emt 00:01:30]} Qf6 {[%clk 00:45:40]} {[%emt
00:08:51]} 22. Bc3 {[%clk 00:56:59]} {[%emt 00:04:07]} Qf2+ {[%clk 00:44:30]}
{[%emt 00:01:40]} 23. Kh1 {[%clk 00:56:04]} {[%emt 00:01:25]} Qxg3 {[%clk
00:39:14]} {[%emt 00:05:46]} 24. Qxd4 {[%clk 00:52:29]} {[%emt 00:04:05]} Rf2
{[%clk 00:39:05]} {[%emt 00:00:39]} 25. Rg1 {[%clk 00:52:39]} {[%emt 00:00:20]}
c5 {[%clk 00:38:27]} {[%emt 00:01:09]} 26. Qd5+ {[%clk 00:52:54]} {[%emt
00:00:14]} Kg7 {[%clk 00:34:39]} {[%emt 00:04:18]} 27. Bxe5+ {[%clk 00:53:04]}
{[%emt 00:00:19]} dxe5 {[%clk 00:35:03]} {[%emt 00:00:07]} 28. Qxb7+ {[%clk
00:52:55]} {[%emt 00:00:38]} Kg6 {[%clk 00:35:15]} {[%emt 00:00:18]} 29. Qc6+
{[%clk 00:52:24]} {[%emt 00:01:01]} Kg7 {[%clk 00:34:49]} {[%emt 00:00:56]} 30.
Qd7+ {[%clk 00:51:48]} {[%emt 00:01:07]} Kg6 {[%clk 00:34:54]} {[%emt
00:00:25]} 31. Qg4 {[%clk 00:51:38]} {[%emt 00:00:39]} Qe3 {[%clk 00:34:53]}
{[%emt 00:00:32]} 32. h4 {[%clk 00:49:32]} {[%emt 00:02:36]} h6 {[%clk
00:34:17]} {[%emt 00:01:06]} 33. hxg5 {[%clk 00:47:34]} {[%emt 00:02:27]} hxg5
{[%clk 00:33:31]} {[%emt 00:01:16]} 34. Qe6+ {[%clk 00:46:54]} {[%emt
00:01:10]} Kh5 {[%clk 00:33:27]} {[%emt 00:00:35]} 35. Qxe5 {[%clk 00:39:06]}
{[%emt 00:08:17]} 1-0